Marxism and anthropology : (Record no. 58244)
[ view plain ]
| 000 -LEADER | |
|---|---|
| fixed length control field | 02911nam a22004217a 4500 |
| 005 - DATE AND TIME OF LATEST TRANSACTION | |
| control field | 20111109102312.0 |
| 010 ## - LCCN (DPL NO) | |
| LC control number | ENG-104066 B-459405-414 |
| 020 ## - INTERNATIONAL STANDARD BOOK NUMBER | |
| International Standard Book Number | 9780198079514 |
| Terms of availability | 345.00 |
| 020 ## - INTERNATIONAL STANDARD BOOK NUMBER | |
| International Standard Book Number | 0198079516 |
| Terms of availability | 345.00 |
| 035 ## - SYSTEM CONTROL NUMBER | |
| System control number | EN-87599 B-459405-414 |
| 037 ## - SOURCE OF ACQUISITION | |
| Source of stock number/acquisition | DBAD/PUB |
| 037 ## - SOURCE OF ACQUISITION | |
| Source of stock number/acquisition | Allied Pub/Ven |
| 082 ## - DEWEY DECIMAL CLASSIFICATION NUMBER | |
| Classification number | 301 |
| 100 ## - MAIN ENTRY--PERSONAL NAME | |
| Personal name | Bloch, Maurice |
| 245 ## - TITLE STATEMENT | |
| Title | Marxism and anthropology : |
| Remainder of title | the history of a relationship / |
| Statement of responsibility, etc | by Maurice Bloch |
| 260 ## - PUBLICATION, DISTRIBUTION, ETC. (IMPRINT) | |
| Place of publication, distribution, etc | New Delhi |
| Name of publisher, distributor, etc | Oxford University Press |
| Date of publication, distribution, etc | 2011(repr.) |
| 270 ## - ADDRESS | |
| Address | YMCA Library Building, 1, Jai Singh Road |
| City | New Delhi |
| Postal code | 110001 |
| 300 ## - PHYSICAL DESCRIPTION | |
| Extent | 180p. |
| Dimensions | 20cm (pbk) |
| 490 ## - SERIES STATEMENT | |
| Series statement | Marxist introductions ; edited by Raymond Williams [and] Steven Lukes |
| -- | 46739 |
| 500 ## - GENERAL NOTE | |
| General note | Includes bibliographical references (p. 173-176) and index. |
| 600 ## - SUBJECT ADDED ENTRY--PERSONAL NAME | |
| Personal name | Marx, Karl |
| Dates associated with a name | 1818-1883 |
| 600 ## - SUBJECT ADDED ENTRY--PERSONAL NAME | |
| Personal name | Engels, Friedrich |
| Dates associated with a name | 1820-1895 |
| 650 ## - SUBJECT ADDED ENTRY--TOPICAL TERM | |
| Topical term or geographic name as entry element | Marxist anthropology |
| 650 ## - SUBJECT ADDED ENTRY--TOPICAL TERM | |
| Topical term or geographic name as entry element | Anthropology. |
| 942 ## - ADDED ENTRY ELEMENTS (KOHA) | |
| Source of classification or shelving scheme | Dewey Decimal Classification |
| Item type | English Books |
| Classification part | 301 |
| Call number suffix | BLO |
| Withdrawn status | Lost status | Not for loan | Collection code | Home library | Current library | Date acquired | Source of acquisition | Cost, normal purchase price | Full call number | Barcode | Copy number | Cost, replacement price | Koha item type |
|---|---|---|---|---|---|---|---|---|---|---|---|---|---|
| Non-fiction | Andrews Gunj | Andrews Gunj | 09/05/2012 | Allied Pub/1793/27.01.2012/07/18.01.2012/06.02.2012 | 345.00 | 301 BLO | B-459410 | 1 | 345.00 | English Books | |||
| Non-fiction | Central Library | Central Library | 09/05/2012 | Allied Pub/1793/27.01.2012/07/18.01.2012/06.02.2012 | 345.00 | 301 BLO | B-459405 | 1 | 345.00 | English Books | |||
| Not For Loan | Non-fiction | D.B.Act.Division | D.B.Act.Division | 09/11/2011 | DBAD/PUB | 345.00 | 301 BLO | EN-87599 | 1 | 345.00 | English Books | ||
| Non-fiction | Janak Puri | Janak Puri | 09/05/2012 | Allied Pub/1793/27.01.2012/07/18.01.2012/06.02.2012 | 345.00 | 301 BLO | B-459407 | 1 | 345.00 | English Books | |||
| Non-fiction | Karol Bagh | Karol Bagh | 09/05/2012 | Allied Pub/1793/27.01.2012/07/18.01.2012/06.02.2012 | 345.00 | 301 BLO | B-459412 | 1 | 345.00 | English Books | |||
| Non-fiction | Narela | Narela | 09/05/2012 | Allied Pub/1793/27.01.2012/07/18.01.2012/06.02.2012 | 345.00 | 301 BLO | B-459413 | 1 | 345.00 | English Books | |||
| Non-fiction | Patel Nagar | Patel Nagar | 09/05/2012 | Allied Pub/1793/27.01.2012/07/18.01.2012/06.02.2012 | 345.00 | 301 BLO | B-459406 | 1 | 345.00 | English Books | |||
| Non-fiction | R.K.Puram-8 | R.K.Puram-8 | 09/05/2012 | Allied Pub/1793/27.01.2012/07/18.01.2012/06.02.2012 | 345.00 | 301 BLO | B-459409 | 1 | 345.00 | English Books | |||
| Non-fiction | Sarojini Nagar | Sarojini Nagar | 09/05/2012 | Allied Pub/1793/27.01.2012/07/18.01.2012/06.02.2012 | 345.00 | 301 BLO | B-459408 | 1 | 345.00 | English Books | |||
| Non-fiction | Shahdara Branch | Shahdara Branch | 09/05/2012 | Allied Pub/1793/27.01.2012/07/18.01.2012/06.02.2012 | 345.00 | 301 BLO | B-459414 | 1 | 345.00 | English Books | |||
| Non-fiction | Vinoba Puri | Vinoba Puri | 09/05/2012 | Allied Pub/1793/27.01.2012/07/18.01.2012/06.02.2012 | 345.00 | 301 BLO | B-459411 | 1 | 345.00 | English Books |
